Oxford collocations dictionary, for students on English
Gespeichert in:
| Format: | Buch |
|---|---|
| Sprache: | Englisch |
| Veröffentlicht: |
Oxford
Oxford University
2002
|
| Schlagworte: | |
| Tags: |
Tag hinzufügen
Keine Tags, Fügen Sie den ersten Tag hinzu!
|
MARC
| LEADER | 00000nam a2200000 a 4500 | ||
|---|---|---|---|
| 001 | UCL1998 | ||
| 003 | CL-VaPUC | ||
| 008 | 030926e20020000UK |||||||||||||||||eng|d | ||
| 020 | |a 0194312437 | ||
| 082 | 0 | 4 | |a 423 |b OXF |2 21 |
| 245 | 1 | 0 | |a Oxford collocations dictionary, for students on English |
| 300 | |a 897 p | ||
| 942 | |c BK | ||
| 945 | |d 20030926 00:00:00 |a cmena | ||
| 260 | |a Oxford |b Oxford University |c 2002 | ||
| 650 | 0 | |a Diccionarios |9 256200 | |
| 650 | 0 | |a Inglés |9 260023 | |
| 650 | 0 | |a Educación lingüística |9 306506 | |
| 583 | |a last modification |c 20120618 03:08:30 |k Rodrigo Vera | ||
| 999 | |c 305422 |d 305420 | ||
| 952 | |0 0 |1 0 |4 0 |6 423_000000000000000_OXF_2002 |7 0 |8 X |9 369292 |a BIBEDU |b BIBEDU |d 2019-11-21 |i 394770K |o 423 OXF 2002 |p 394770K |r 2023-01-13 |w 2019-11-21 |y BK_X |k LIT | ||
| 952 | |0 0 |1 0 |4 0 |6 423_000000000000000_OXF_2002 |7 0 |8 X |9 369293 |a BIBEDU |b BIBEDU |d 2019-11-21 |i 3947718 |o 423 OXF 2002 |p 3947718 |r 2023-01-13 |w 2019-11-21 |y BK_X |k LIT | ||
| 952 | |0 0 |1 0 |4 0 |6 423_000000000000000_OXF_2002 |7 0 |8 X |9 369294 |a BIBEDU |b BIBEDU |d 2019-11-21 |i 4259874 |o 423 OXF 2002 |p 4259874 |r 2023-01-13 |w 2019-11-21 |y BK_X |k LIT | ||